Central Library OPAC University of Rajshahi

An introduction to the theory of statistics / (Record no. 35140)

MARC details
000 -LEADER
fixed length control field 00802nam a2200241 a 4500
001 - CONTROL NUMBER
control field 35140
003 - CONTROL NUMBER IDENTIFIER
rucl marc code BD-RjUL
005 - DATE AND TIME OF LATEST TRANSACTION
control field 20211209052252.0
008 - FIXED-LENGTH DATA ELEMENTS--GENERAL INFORMATION
fixed length control field 140521r19581932enka 001 0 eng d
035 ## - SYSTEM CONTROL NUMBER
System control number 50-58283
-- (BD-RjUL)35234
040 ## - CATALOGING SOURCE
Original cataloging agency WSU
Language of cataloging eng
Transcribing agency BD-RjUL
Modifying agency BD-RjUL
041 ## - LANGUAGE CODE
Language code of text/sound track or separate title eng
082 ## - DEWEY DECIMAL CLASSIFICATION NUMBER
Classification number 519.5
Author mark and year YUI 1958
100 1# - MAIN ENTRY--PERSONAL NAME
Personal name Yule, G. Udny
Fuller form of name (George Udny),
Dates associated with a name 1871-1951.
9 (RLIN) 107010
245 13 - TITLE STATEMENT
Title An introduction to the theory of statistics /
Statement of responsibility, etc. by G. Udny Yule and M.G. Kendall.
250 ## - EDITION STATEMENT
Edition statement 10th ed.
260 ## - PUBLICATION, DISTRIBUTION, ETC. (IMPRINT)
Place of publication, distribution, etc. London :
Name of publisher, distributor, etc. C. Griffin,
Date of publication, distribution, etc. 1932 [Impression 1944].
300 ## - PHYSICAL DESCRIPTION
Pagination xxiv, 700 p. :
Illustrations ill. ;
Size 23 cm.
504 ## - BIBLIOGRAPHY, ETC. NOTE
Bibliography, etc .Includes index and Bibliography p. 495-529
650 #0 - SUBJECT ADDED ENTRY--TOPICAL TERM
Topical term or geographic name as entry element Statistics.
9 (RLIN) 107011
700 1# - ADDED ENTRY--PERSONAL NAME
Personal name Kendall, Maurice G.
Fuller form of name (Maurice George),
Dates associated with a name 1907-1983.
942 ## - ADDED ENTRY ELEMENTS (KOHA)
Source of classification or shelving scheme Dewey Decimal Classification
Koha item type Books
Holdings
Lost status Source of classification or shelving scheme Damaged status Not for loan Collection code Permanent Location Current Location Shelving location Date acquired Source of acquisition Cost, normal purchase price Total Checkouts Full call number Date last seen Copy number Koha item type
  Dewey Decimal Classification     Non-fiction Central Library, University of Rajshahi Central Library, University of Rajshahi   18/02/1965 Zeitlinger 0.00   519.5 YUI 1958 21/05/2014 C-7 Books